000 00712nam a2200289Ia 4500
005 20260324140929.0
008 008 260324s9999 xx 000 0 eng d
020 _a9780429444074
037 _aEBOOK
040 _aCRL
040 _beng
040 _cCRL
041 _2eng
041 _aeng
084 _qCRL
100 _aAndrew Korac-Kakabadse; Nada Korac-Kakabadse
_91206279
245 0 _aLeadership in Government
245 0 _bStudy of the Australian Public Service
260 _bTaylor and Francis
260 _c1998
365 _a
365 _b205
856 _uhttp://www.taylorfrancis.com/books/9780429444074
942 _cEBOOK
999 _c1808841
_d1808841